Random Logos - Statistics

General Stats
  • This quiz has been taken 159 times
  • The average score is 10 of 10
Answer Stats
Picture Answer % Correct
adidas
100%
amazon
100%
apple
100%
KFC
100%
Monster
100%
Pepsi
100%
shell
100%
Wikipedia
100%
pringles
98%
Yamaha
64%
No matching quizzes found
Score Distribution
Percent of People with Each Score
Percentile by Number Answered
Your Score History
You have not taken this quiz